| 000 | 00561nam a2200181 4500 | ||
|---|---|---|---|
| 008 | 171115b xxu||||| |||| 00| 0 eng d | ||
| 020 | _a0-13-328006-3 | ||
| 082 |
_21996 _aDC 364 _bL76c |
||
| 100 |
_923361 _aLivingston, Jay., author. |
||
| 245 |
_aCrime and criminology/ _cJay Livingston. |
||
| 250 | _aSecond edition | ||
| 260 |
_aNew Jersey: _bPrentice-Hall, Inc., _c©1996. |
||
| 300 |
_axviii, 590 pages _c29 cm. |
||
| 500 | _aIncludes bibliographical references and indexes. | ||
| 650 | 0 |
_923362 _aCriminology |
|
| 650 | 0 |
_923363 _aCrime. |
|
| 942 |
_2ddc _cDC |
||
| 999 |
_c7754 _d7754 |
||